| 000 | 00597nam a22001937a 4500 | ||
|---|---|---|---|
| 999 |
_c169956 _d169956 |
||
| 005 | 20191213161336.0 | ||
| 010 | _a806459 | ||
| 020 | _c10.00 | ||
| 035 | _a806459 | ||
| 037 | _bBPPD/Pub. | ||
| 082 | _a611 | ||
| 100 | _aخواجا رضوان احمد | ||
| 245 |
_aمنافیعول اعضاء موصوویر / _cخواجا رضوان احمد |
||
| 246 |
_aManafiul Aza Musawwir (Urdu) / _bby Khwaja Rizwan Ahmed |
||
| 260 |
_aDelhi _c1946 ء |
||
| 270 |
_aDarul Talifat Ajmal Road, Karol Bagh _bDelhi |
||
| 300 |
_a567p. _c20cm(Hb) |
||
| 942 |
_2ddc _cUR _h611 _mر ض و |
||